000 00814nam a2200205 i 4500
001 104345
003 ES-MaACL
005 20250829043551.0
007 t|
008 051128s1932 sp ||||1| spa d
100 1 _aMilton, John (
_d1608-1674)
_981300
240 1 0 _aParadise lost.
_lEspañol
245 1 3 _aEl paraíso perdido /
_cJohn Milton ; edición ilustrada con numerosas láminas fuera de texto, debidas a los famosos artistas Flatters, Hernouvilleer, Lemercier, Richomme y Melin.
260 _aBarcelona :
_bIberia,
_c1932 (
_fImp. Costa)
300 _a119 p., 11 h. de lám. ;
_c27 cm.
490 1 _aLas grandes obras maestras de la literatura universal
830 1 4 _aLas grandes obras maestras de la literatura universal
_9184846
852 _aES-MaACL
_jA-853
999 _c104345
_d104345